Journal of the Operational Research Society
Αποθηκεύτηκε σε:
| Συγγραφή απο Οργανισμό/Αρχή: | |
|---|---|
| Μορφή: | Περιοδική έκδοση |
| Γλώσσα: | English |
| Δημοσίευση: |
Hampshire, UK :
Palgrave Macmillan,
1978-
|
| Θέματα: | |
| Ετικέτες: |
Προσθήκη ετικέτας
Δεν υπάρχουν, Καταχωρήστε ετικέτα πρώτοι!
|
MARC
| LEADER | 00000nas a2200000 i 4500 | ||
|---|---|---|---|
| 001 | 1/98412 | ||
| 008 | 000120c19789999uk eng | ||
| 022 | |a 01605682 | ||
| 035 | |l 10056504 | ||
| 040 | |a GR-MY-UA |b gre |e aacr | ||
| 041 | 0 | |a eng | |
| 082 | 0 | |a 001.42405 | |
| 110 | 2 | |a Operational Research Society (Great Britain) | |
| 245 | 1 | 0 | |a Journal of the Operational Research Society |h [περιοδικό] / |c Operational Research Society |
| 246 | 3 | 3 | |a The journal of the Operational Research Society |
| 260 | |a Hampshire, UK : |b Palgrave Macmillan, |c 1978- | ||
| 300 | |a τ. : |b διαγ., πίν. ; |c 28 εκ. | ||
| 310 | |a Μηνιαίο | ||
| 500 | |a A journal of the Operational Research Society | ||
| 500 | |a Η συνδρομή είναι διαθέσιμη σε ηλεκτρονική μορφή από το παγκόσμιο πλέγμα πληροφοριών | ||
| 650 | 0 | 0 | |a Operations research |x Periodicals. |
| 853 | |a INST |b CHIOS |c SER |h 001.42405 | ||
| 901 | |a BIBL2-2004-1 | ||
| 922 | |a 2ΕΛΗ |b 198601 |c ΚΕΝΤΡΙΚΗ ΒΙΒΛΙΟΘΗΚΗ |d SWETS | ||
| 970 | |a ΣΑΛΑΜΟΥΡΑ |b ΜΑΡΙΑ |z 2004/03/17 | ||